Länder nach Staatsformen - Statistiken

Allgemein
  • Dieses Quiz wurde 17 mal gespielt
  • Das Durchschnittsergebnis liegt bei 146 aus 194
Antwortstatistiken
Land Staatsform % Korrekt
Andorra | Antigua und Barbuda | Bahamas | +34 others Monarchie
93%
Albanien | Algerien | Angola | +124 others Republik
86%
Afghanistan | Iran | Mauretanien Islamische Republik
29%
Venezuela | Argentinien | Bosnien und Herzegowina | +17 others Föderale Republik
7%
Pakistan Föderale islamische Republik
0%
Australien | Belgien | Kanada | +2 others Föderale Monarchie
0%
Vereinigte Arabische Emirate Wahlmonarchie
0%
Keine übereinstimmenden Quizze gefunden
Verteilung der Resultate
Anzahl Personen mit jedem Resultat
Perzentil nach korrekt beantworteten Fragen
Ihre Resultats-Entwicklung
Sie haben dieses Quiz noch nicht gespielt